[Event "Hampshire Major"]
[Site "Eastleigh"]
[Date "2010.11.14"]
[Round "5"]
[White "Moore, Gillian A"]
[Black "Farrant, James"]
[Result "1-0"]
[WhiteElo "1752"]
[BlackElo "1632"]
[PlyCount "113"]
[EventDate "2010.11.12"]
[EventType "swiss"]
[EventRounds "6"]
[EventCountry "ENG"]

1. d4 e6 2. c4 d5 3. cxd5 exd5 4. Nc3 Nf6 5. Bg5 c6 6. e3 h6 7. Bh4 g5 8. Bg3
Bb4 9. Qc2 Ne4 10. Be5 f6 11. Bxb8 Rxb8 12. f3 Nxc3 13. bxc3 Be7 14. Bd3 Be6
15. Ne2 Bd6 16. O-O Qd7 17. f4 Rf8 18. Ng3 Kd8 19. Nf5 Bxf5 20. Bxf5 Qc7 21. g3
Qg7 22. Bg6 Qd7 23. f5 Qc7 24. Rf3 b6 25. Re1 c5 26. Qb3 c4 27. Qc2 b5 28. e4
Qc6 29. Rfe3 Kc7 30. exd5 Qxd5 31. Rb1 a5 32. Qe4 Qxe4 33. Rxe4 b4 34. cxb4
axb4 35. Rc1 c3 36. Kg2 Ra8 37. Rc2 Kd7 38. Kf2 Ra7 39. Ke2 Rfa8 40. Bf7 Ra5
41. Be6+ Kc7 42. Kd3 R8a7 43. g4 Kd8 44. Bb3 Ra3 45. Re6 Be7 46. Rce2 R3a6 47.
h3 Rxe6 48. fxe6 Kc7 49. Ke4 Kd6 50. Kf5 h5 51. gxh5 Ra8 52. Kg4 Ra3 53. Kf3
Rxb3 54. axb3 c2 55. Rxc2 Kxe6 56. h6 Kf7 57. Rc7 1-0

[Event "Hampshire Major"]
[Site "Eastleigh"]
[Date "2010.11.14"]
[Round "5"]
[White "Slater, Tom"]
[Black "Ross, David EC"]
[Result "1/2-1/2"]
[WhiteElo "1656"]
[BlackElo "1872"]
[PlyCount "37"]
[EventDate "2010.11.12"]
[EventType "swiss"]
[EventRounds "6"]
[EventCountry "ENG"]

1. e4 e5 2. f4 exf4 3. Nf3 g5 4. h4 Be7 5. Bc4 d6 6. Nxg5 Bxg5 7. Qh5 Bxh4+ 8.
Rxh4 Qe7 9. Rxf4 Be6 10. Bxe6 Qxe6 11. Nc3 c6 12. d4 Ne7 13. Be3 Qg6 14. Qf3
Nd7 15. O-O-O O-O-O 16. d5 Ne5 17. Qh3+ Kb8 18. dxc6 N7xc6 19. Rd5 1/2-1/2

[Event "Hampshire Major"]
[Site "Eastleigh"]
[Date "2010.11.14"]
[Round "5"]
[White "Smith, Steven J"]
[Black "Matthew, Ian G"]
[Result "1/2-1/2"]
[WhiteElo "1864"]
[BlackElo "1760"]
[PlyCount "24"]
[EventDate "2010.11.12"]
[EventType "swiss"]
[EventRounds "6"]
[EventCountry "ENG"]

1. d4 d5 2. e3 Nc6 3. f4 Nf6 4. Nf3 Bg4 5. c3 e6 6. Bd3 Bd6 7. Nbd2 Ne7 8. Qe2
c6 9. Qf2 Bf5 10. Bxf5 Nxf5 11. h3 Be7 12. O-O Nd6 1/2-1/2

[Event "Hampshire Major"]
[Site "Eastleigh"]
[Date "2010.11.14"]
[Round "5"]
[White "Stone, Mark R"]
[Black "Manning, Peter"]
[Result "1-0"]
[WhiteElo "1648"]
[BlackElo "1704"]
[PlyCount "35"]
[EventDate "2010.11.12"]
[EventType "swiss"]
[EventRounds "6"]
[EventCountry "ENG"]

1. e4 c5 2. Nf3 e6 3. Nc3 a6 4. g3 d5 5. exd5 exd5 6. Bg2 Nf6 7. O-O Be7 8. d4
O-O 9. Bg5 cxd4 10. Nxd4 Be6 11. Re1 Qb6 12. Nxe6 fxe6 13. Qe2 Kf7 14. Bh3 Ne4
15. Nxe4 dxe4 16. Qxe4 Nc6 17. Qxe6+ Ke8 18. Qd7+ 1-0

[Event "Hampshire Major"]
[Site "Eastleigh"]
[Date "2010.11.14"]
[Round "5"]
[White "Wiseman, John M"]
[Black "Pope, Michael"]
[Result "1/2-1/2"]
[WhiteElo "1712"]
[BlackElo "1608"]
[PlyCount "40"]
[EventDate "2010.11.12"]
[EventType "swiss"]
[EventRounds "6"]
[EventCountry "ENG"]

1. d4 c6 2. Nf3 d5 3. e3 Bf5 4. Bd3 Bg6 5. b3 e6 6. O-O Bd6 7. Bb2 Nf6 8. Qe2
Nbd7 9. Nbd2 Ne4 10. Ne5 Bxe5 11. dxe5 Nxd2 12. Qxd2 Nc5 13. Be2 b6 14. f3 Qc7
15. Rac1 Rd8 16. Qd4 Nd7 17. Qf4 O-O 18. Qg3 f6 19. exf6 Qxg3 20. hxg3 Nxf6
1/2-1/2

[Event "Hampshire Major"]
[Site "Eastleigh"]
[Date "2010.11.14"]
[Round "6"]
[White "Chapman, Matthew"]
[Black "Slater, Tom"]
[Result "1/2-1/2"]
[WhiteElo "1856"]
[BlackElo "1656"]
[PlyCount "30"]
[EventDate "2010.11.12"]
[EventType "swiss"]
[EventRounds "6"]
[EventCountry "ENG"]

1. e4 e5 2. Nf3 d5 3. Nxe5 Bd6 4. d4 dxe4 5. Nc3 Bxe5 6. dxe5 Qxd1+ 7. Kxd1
Bg4+ 8. Be2 Bxe2+ 9. Kxe2 Nc6 10. Be3 O-O-O 11. Rad1 Rxd1 12. Rxd1 Nge7 13.
Nxe4 Nxe5 14. Bd4 N7c6 15. Bc3 Re8 1/2-1/2

[Event "Hampshire Major"]
[Site "Eastleigh"]
[Date "2010.11.14"]
[Round "6"]
[White "Farrant, James"]
[Black "Fields, David"]
[Result "0-1"]
[WhiteElo "1632"]
[BlackElo "1592"]
[PlyCount "80"]
[EventDate "2010.11.12"]
[EventType "swiss"]
[EventRounds "6"]
[EventCountry "ENG"]

1. d4 c6 2. e4 d5 3. Nc3 dxe4 4. Nxe4 Bf5 5. Bd3 e6 6. c3 Nd7 7. Ng3 Bxd3 8.
Qxd3 Qc7 9. Nf3 Ngf6 10. O-O Be7 11. Bg5 h6 12. Bxf6 Nxf6 13. Rfe1 Nd7 14. Nh5
Bf6 15. Nxf6+ gxf6 16. Re2 O-O-O 17. Qc2 Qf4 18. b4 Rdg8 19. Qe4 Rg4 20. Rae1
Rhg8 21. Qxf4 Rxf4 22. Re4 Rxf3 23. R1e3 Rxe3 24. Rxe3 Nb6 25. Re1 Nc4 26. f4
Kc7 27. a4 a6 28. g3 h5 29. Kf2 Kd6 30. Ke2 b5 31. axb5 cxb5 32. Ra1 Ra8 33. h3
a5 34. bxa5 Rxa5 35. Rc1 Kc6 36. h4 Ra2+ 37. Kf3 f5 38. Rd1 Kd5 39. Rd3 Nd2+
40. Kg2 Ke4 0-1

[Event "Hampshire Major"]
[Site "Eastleigh"]
[Date "2010.11.14"]
[Round "6"]
[White "Matthew, Ian G"]
[Black "Wiseman, John M"]
[Result "1/2-1/2"]
[WhiteElo "1760"]
[BlackElo "1712"]
[PlyCount "93"]
[EventDate "2010.11.12"]
[EventType "swiss"]
[EventRounds "6"]
[EventCountry "ENG"]

1. e4 c5 2. Nf3 d6 3. d4 cxd4 4. Nxd4 Nf6 5. Nc3 a6 6. f4 Qc7 7. a4 b6 8. Nd5
Qb7 9. Nxf6+ gxf6 10. Qf3 Nc6 11. Be3 Nxd4 12. Bxd4 Bg4 13. Qe3 Rc8 14. Bd3 Bh6
15. Qf2 Bd7 16. Ra3 b5 17. axb5 Bxb5 18. Rb3 Qd7 19. Bxb5 axb5 20. Rh3 Bg7 21.
O-O h6 22. Ra1 O-O 23. f5 Kh7 24. Be3 Rh8 25. Qd2 Kg8 26. Bxh6 Qd8 27. Rg3 Rh7
28. Bxg7 Rxg7 29. Rxg7+ Kxg7 30. Ra3 Qb6+ 31. Kf1 Kf8 32. Rh3 Ke8 33. Rh8+ Kd7
34. Rxc8 Kxc8 35. h4 Qa6 36. Qc3+ Kd7 37. b4 Qa8 38. Qd4 e6 39. h5 Qh8 40. Qa7+
Kc6 41. Qxf7 Qh6 42. Qe8+ Kb6 43. Ke2 Qf4 44. Qxe6 Qg4+ 45. Kd2 Qf4+ 46. Kc3
Qe3+ 47. Kb2 1/2-1/2

[Event "Hampshire Major"]
[Site "Eastleigh"]
[Date "2010.11.14"]
[Round "6"]
[White "Moore, Gillian A"]
[Black "Manning, Peter"]
[Result "1-0"]
[WhiteElo "1752"]
[BlackElo "1704"]
[PlyCount "103"]
[EventDate "2010.11.12"]
[EventType "swiss"]
[EventRounds "6"]
[EventCountry "ENG"]

1. d4 Nf6 2. c4 g6 3. Nc3 Bg7 4. e4 d6 5. Nf3 O-O 6. Be2 Nfd7 7. O-O e5 8. d5
f5 9. Bg5 Nf6 10. exf5 gxf5 11. Qc2 h6 12. Bd2 Nh7 13. g3 Nd7 14. Rad1 Ndf6 15.
Nh4 Ne8 16. Bh5 Rf6 17. Bg6 Qd7 18. Bxh7+ Kxh7 19. Ne2 Kg8 20. Bc3 Qe7 21. b4
b6 22. Rfe1 Rf7 23. f4 e4 24. Nd4 Bd7 25. Qe2 Bxd4+ 26. Bxd4 Nf6 27. Ng6 Qd8
28. Bc3 Kh7 29. Nh4 Qe7 30. Ng2 Rg8 31. Bd4 Rff8 32. Rc1 Be8 33. Rc3 Bh5 34.
Qb2 Qf7 35. Ra3 Bf3 36. Bxf6 Qxf6 37. Qxf6 Rxf6 38. Rxa7 Rg7 39. Ne3 h5 40. Kf2
h4 41. Rg1 Rff7 42. a4 h3 43. a5 bxa5 44. bxa5 Kg6 45. Rb1 Kf6 46. Rbb7 Bh5 47.
a6 Re7 48. Ra8 Be8 49. Rab8 Ba4 50. a7 c6 51. Rxe7 Rxe7 52. a8=Q 1-0

[Event "Hampshire Major"]
[Site "Eastleigh"]
[Date "2010.11.14"]
[Round "6"]
[White "Pope, Michael"]
[Black "Smith, Steven J"]
[Result "0-1"]
[WhiteElo "1608"]
[BlackElo "1864"]
[PlyCount "93"]
[EventDate "2010.11.12"]
[EventType "swiss"]
[EventRounds "6"]
[EventCountry "ENG"]

1. e4 c5 2. Nf3 d6 3. d4 cxd4 4. Nxd4 Nf6 5. Nc3 g6 6. h3 Bg7 7. Be3 Nc6 8. Qd2
O-O 9. Be2 Bd7 10. Nf3 Rc8 11. Bh6 Qa5 12. Bxg7 Kxg7 13. O-O Ne5 14. Nxe5 dxe5
15. Qe3 Be6 16. Bd3 Bc4 17. Rfd1 e6 18. Qe2 Bxd3 19. Rxd3 b5 20. b4 Qb6 21.
Rad1 Rc6 22. Qe3 Rfc8 23. Qxb6 Rxb6 24. f3 a6 25. Ne2 Rxc2 26. R1d2 Rbc6 27.
Kf1 Kf8 28. Ke1 Rxd2 29. Kxd2 Ke7 30. a3 Ne8 31. Nc1 Nd6 32. Rc3 Nc4+ 33. Ke2
Rd6 34. Nb3 Nxa3 35. Nd2 Rxd2+ 36. Kxd2 Nb1+ 37. Kc2 Nxc3 38. Kxc3 Kd6 39. g3
g5 40. g4 Kc6 41. Kb3 Kb6 42. Kc3 a5 43. bxa5+ Kxa5 44. Kb3 b4 45. Kb2 Kb5 46.
Kb3 Kc5 47. Kb2 0-1

[Event "Hampshire Major"]
[Site "Eastleigh"]
[Date "2010.11.14"]
[Round "6"]
[White "Ross, David EC"]
[Black "Desmedt, Richard E"]
[Result "0-1"]
[WhiteElo "1872"]
[BlackElo "1792"]
[PlyCount "72"]
[EventDate "2010.11.12"]
[EventType "swiss"]
[EventRounds "6"]
[EventCountry "ENG"]

1. e4 d5 2. exd5 Nf6 3. Bb5+ Nbd7 4. Nc3 a6 5. Ba4 b5 6. Bb3 Bb7 7. Nf3 Nc5 8.
Qe2 Nxb3 9. axb3 Nxd5 10. O-O e6 11. d4 Be7 12. Ne4 Nf6 13. Nc5 Bxc5 14. dxc5
Qd5 15. Be3 O-O 16. Rfd1 Qh5 17. Rd2 Rfd8 18. Rad1 Rxd2 19. Qxd2 h6 20. Ne1 Ng4
21. h3 Nxe3 22. fxe3 Qxc5 23. Qf2 Qe7 24. Qd2 Kf8 25. Nf3 Bxf3 26. gxf3 Ke8 27.
Qc3 {(=)} Rd8 28. Qc6+ Kf8 29. Rxd8+ Qxd8 30. Qe4 Qd5 31. Qb4+ c5 32. Qa5 Qd1+
33. Kf2 Qxc2+ 34. Kg3 g6 35. b4 Qc1 36. Qc7 Qg1+ 0-1

[Event "Hampshire Major"]
[Site "Eastleigh"]
[Date "2010.11.14"]
[Round "6"]
[White "Stone, Mark R"]
[Black "Hurn, Paul AT"]
[Result "0-1"]
[WhiteElo "1648"]
[BlackElo "1656"]
[PlyCount "120"]
[EventDate "2010.11.12"]
[EventType "swiss"]
[EventRounds "6"]
[EventCountry "ENG"]

1. e4 e6 2. d4 d5 3. Nd2 c5 4. Ngf3 Nc6 5. exd5 Nxd4 6. Nxd4 cxd4 7. Bb5+ Bd7
8. Qe2 Bxb5 9. Qxb5+ Qd7 10. Qxd7+ Kxd7 11. dxe6+ fxe6 12. O-O Rc8 13. Nf3 Bc5
14. Ne5+ Ke7 15. Bg5+ Nf6 16. Rad1 Rhd8 17. Rfe1 h6 18. Bh4 g5 19. Bg3 Nh5 20.
Re2 Nxg3 21. hxg3 Bb6 22. a3 Bc7 23. Nf3 Bb6 24. Red2 a6 25. Re1 Rd6 26. Ne5
Ba5 27. b4 Bb6 28. Ng4 h5 29. Ne5 a5 30. Nf3 Kf6 31. Ree2 axb4 32. axb4 Rc4 33.
b5 Rd5 34. Rd1 Rxb5 35. Rde1 Rc6 36. Re5 Rxe5 37. Rxe5 g4 38. Rxh5 gxf3 39.
gxf3 Rxc2 40. Rb5 Rc6 41. Kf1 d3 42. Ke1 Rd6 43. g4 Bxf2+ 44. Kd2 Be3+ 45. Kd1
d2 46. Rb3 Bf4 47. Rb4 e5 48. Rxb7 Rc6 49. Ke2 Rc2 50. Rb6+ Kg5 51. Rd6 Rc1 52.
Rxd2 Bxd2 53. Kxd2 Rc4 54. Ke3 Rf4 55. Ke2 Kh4 56. Kf2 Kh3 57. g5 e4 58. g6
Rxf3+ 59. Ke2 Rg3 60. g7 Rxg7 0-1